| Tag |
First Indicator |
Second Indicator |
Subfields |
| LEADER |
00000cam a2200000 a 4500 |
| 001 |
in00000020283 |
| 005 |
20211230121904.0 |
| 008 |
870911s1988 nyua b 000 0aeng |
| 010 |
|
|
|a 87027205
|
| 035 |
|
|
|a (OCoLC)ocm16833709
|
| 035 |
|
|
|a (OCoLC)16833709
|
| 035 |
|
|
|9 AAB3124AM
|
| 040 |
|
|
|a DLC
|b eng
|c DLC
|d OCL
|d NLGGC
|d BTCTA
|d YDXCP
|d LGG
|d GEBAY
|d MUU
|d GBVCP
|d OCLCF
|d OCLCO
|d OCLCQ
|d DEBBG
|d OCLCO
|d OCL
|d QE2
|d OCLCO
|d OCL
|d OCLCA
|d UEJ
|d VTU
|d CSA
|d TYC
|d CSJ
|d NIU
|d OCLCQ
|d OCLCO
|d GZM
|d OCLCQ
|d OCLCO
|d TFW
|d HCO
|d GILDS
|d BRL
|d OCLCQ
|d OCL
|d OCLCO
|d OCLCQ
|d OCLCO
|d UOK
|d OCLCA
|d TKN
|d WLU
|d KZS
|d CPS
|d NJR
|d SPP
|d ERR
|d OCLCQ
|d PAU
|d YUS
|d OCLCO
|d INT
|d URS
|d TORON
|d BGU
|d WYU
|d EUQ
|d UWO
|d IOG
|d OCLCQ
|d OCLCO
|d OCLCA
|d OCLCQ
|d IAI
|d UWW
|d CMO
|d REB
|d TJC
|d OCLCQ
|d OCLCO
|d OCL
|d OCLCA
|d OCLCQ
|d OCLCO
|d IPU
|d ELO
|d DGU
|d OCL
|d OCLCO
|d TXA
|
| 019 |
|
|
|a 32610546
|a 1201014123
|a 1201864746
|a 1201981992
|
| 020 |
|
|
|a 0877959471
|
| 020 |
|
|
|a 9780877959472
|
| 035 |
|
|
|a (OCoLC)16833709
|z (OCoLC)32610546
|z (OCoLC)1201014123
|z (OCoLC)1201864746
|z (OCoLC)1201981992
|
| 043 |
|
|
|a n-us-ny
|
| 050 |
1 |
0 |
|a PS3554.E437
|b Z475 1988
|
| 050 |
|
4 |
|a PR6054.E6
|b Z475 1988
|
| 082 |
0 |
0 |
|a 813/.54
|2 19
|
| 084 |
|
|
|a 18.06
|2 bcl
|
| 084 |
|
|
|a HU 3446
|2 rvk
|
| 049 |
|
|
|a TXAM
|
| 100 |
1 |
|
|a Delany, Samuel R.,
|e author.
|
| 245 |
1 |
4 |
|a The motion of light in water :
|b sex and science fiction writing in the East Village, 1957-1965 /
|c Samuel R. Delany.
|
| 264 |
|
1 |
|a New York :
|b Arbor House/William Morrow,
|c [1988]
|
| 300 |
|
|
|a xviii, 302 pages :
|b illustrations ;
|c 22 cm
|
| 336 |
|
|
|a text
|b txt
|2 rdacontent
|
| 337 |
|
|
|a unmediated
|b n
|2 rdamedia
|
| 338 |
|
|
|a volume
|b nc
|2 rdacarrier
|
| 386 |
|
|
|n eth
|a African Americans
|2 lcdgt
|
| 386 |
|
|
|n nat
|a Americans
|2 lcdgt
|
| 504 |
|
|
|a Includes bibliographical references (pages 301-302).
|
| 520 |
|
|
|a City's black ghetto Harlem at the start of World War II, Samuel R. Delany married white poet Marilyn Hacker right out of high school. The interracial couple moved into the city's new bohemian quarter, the Lower East Side, in summer 1961. Through the decade's opening years, new art, new sexual practices, new music, and new political awareness burgeoned among the crowded streets and cheap railroad apartments. Beautifully, vividly, insightfully, Delany calls up this era of exploration and adventure as he details his development as a black gay writer in an open marriage, with tertiary walk-ons by Bob Dylan, Stokely Carmichael, W. H. Auden, and James Baldwin, and a panoply of brilliantly drawn secondary characters. Winner of the 1989 Hugo Award for Non-fiction.
|
| 500 |
|
|
|a The Cushing Library/Women & Gender Studies copy was acquired as part of The Don Kelly Research Collection of Gay Literature and Culture.
|5 TXA
|
| 500 |
|
|
|a The Cushing Library/Women & Gender Studies copy is inscribed by the author.
|
| 541 |
0 |
|
|a Donated by Don Kelly
|d 20150505
|
| 600 |
1 |
0 |
|a Delany, Samuel R.
|
| 650 |
|
0 |
|a Authors, American
|y 20th century
|v Biography.
|
| 650 |
|
0 |
|a Science fiction
|x Authorship.
|
| 650 |
|
0 |
|a Popular culture
|z New York (State)
|z New York.
|
| 650 |
|
0 |
|a Bohemianism
|z New York (State)
|z New York.
|
| 651 |
|
0 |
|a East Village (New York, N.Y.)
|x Intellectual life.
|
| 600 |
1 |
7 |
|a Delany, Samuel R.
|2 fast
|0 (OCoLC)fst00043318
|
| 650 |
|
7 |
|a Authors, American.
|2 fast
|0 (OCoLC)fst00821764
|
| 650 |
|
7 |
|a Bohemianism.
|2 fast
|0 (OCoLC)fst00835564
|
| 650 |
|
7 |
|a Popular culture.
|2 fast
|0 (OCoLC)fst01071344
|
| 650 |
|
7 |
|a Science fiction
|x Authorship.
|2 fast
|0 (OCoLC)fst01108568
|
| 651 |
|
7 |
|a New York (State)
|z New York.
|2 fast
|0 (OCoLC)fst01204333
|
| 600 |
1 |
7 |
|a Delany, Samuel R.
|d 1942-
|2 gnd
|0 (DE-588)118923390
|
| 650 |
|
7 |
|a Autobiografie
|2 gnd
|0 (DE-588)4003939-0
|
| 650 |
1 |
7 |
|a Bohémiens.
|2 gtt
|
| 600 |
1 |
7 |
|a Delany, Samuel R.
|2 swd
|
| 648 |
|
7 |
|a 1900-1999
|2 fast
|
| 655 |
|
7 |
|a Autobiographies.
|2 fast
|0 (OCoLC)fst01919894
|
| 655 |
|
7 |
|a Biographies.
|2 fast
|0 (OCoLC)fst01919896
|
| 655 |
|
7 |
|a Autobiographies.
|2 lcgft
|
| 655 |
|
7 |
|a Biographies.
|2 lcgft
|
| 655 |
|
7 |
|a Annotations (Provenance)
|2 rbprov
|5 CtY-BR
|
| 776 |
0 |
8 |
|i Online version:
|a Delany, Samuel R.
|t Motion of light in water.
|d New York : Arbor House/W. Morrow, ©1988
|w (OCoLC)572987579
|
| 994 |
|
|
|a C0
|b TXA
|
| 948 |
|
|
|a updated
|b h
|c 2021/9/16
|d c
|e nbehmer
|f 10:59:49 am
|
| 999 |
f |
f |
|s cb596d55-ac37-3459-a7be-c27ea7478d2d
|i bce93fc5-424a-3468-8d45-aa1026cefe0e
|t 0
|
| 952 |
f |
f |
|p ric
|a Texas A&M University
|b Rellis Campus
|c Joint Library Facility
|s JLF
|d Remote Storage
|t 0
|e PS3554.E437 Z475 1988
|h Library of Congress classification
|i unmediated -- volume
|m A14812554339
|
| 998 |
f |
f |
|a PS3554.E437 Z475 1988
|t 0
|l Remote Storage
|